|
|
|
|
| LEADER |
00805cam a2200205 i 4500 |
| 008 |
770310s1976 enkb 001 0 eng |
| 020 |
|
|
|a 0434917605
|
| 082 |
|
|
|a 954.040924
|
| 100 |
0 |
|
|a Sangharakshita
|
| 245 |
1 |
4 |
|a The thousand-petalled lotus :
|b an English Buddhist in India /
|c Maha Sthavira Sangharakshita (D.P.E. Lingwood).
|
| 260 |
|
|
|a London :
|b Heinemann,
|c 1976.
|
| 300 |
|
|
|a vi, 318 p. :
|b map ;
|c 24 cm.
|
| 500 |
|
|
|a Includes index.
|
| 600 |
0 |
0 |
|a Sangharakshita,
|c Bhikshu,
|d 1925-
|
| 650 |
|
0 |
|a Spiritual life
|x Hinduism.
|
| 651 |
|
0 |
|a India
|x Religious life and customs.
|
| 906 |
|
|
|a 7
|b cbc
|c orignew
|d 3
|e ncip
|f 19
|g y-gencatlg
|
| 942 |
|
|
|c BK
|
| 999 |
|
|
|c 276386
|d 276386
|
| 952 |
|
|
|0 0
|1 0
|2 ddc
|4 0
|6 954_040924000000000_SAN_T
|7 0
|9 310929
|a PHL
|b PHL
|c ST1
|d 2015-10-15
|i 180
|l 0
|o 954.040924 SAN/T
|p PHL180
|r 2015-10-15
|y BK
|